[Event "Barcelona La Lira op 32nd"]
[Site "Barcelona"]
[Date "2014.03.13"]
[Round "9"]
[White "Duz Aso, Carlos"]
[Black "Gonzalez Canovas, Sebastian"]
[Result "1-0"]
[WhiteElo "2119"]
[BlackElo "1635"]
[PlyCount "79"]
[EventDate "2014.01.16"]
[EventType "swiss"]
[EventRounds "9"]
[EventCountry "ESP"]
[SourceTitle "EXT 2015"]
[Source "ChessBase"]
[SourceDate "2014.11.20"]
[SourceVersion "1"]
[SourceVersionDate "2014.11.20"]
[SourceQuality "1"]

1. c4 Nf6 2. g3 g6 3. Bg2 Bg7 4. Nc3 e5 5. d3 0-0 6. Bg5 h6 7. Bd2 d6 8. Qc1 Kh7 9. b4 c6 10. Nf3 Re8 11. 0-0 Bg4 12. h3 Bc8 13. Qc2 Nbd7 14. Rab1 a6 15. a4 Nf8 16. a5 Be6 17. Na4 N8d7 18. Be3 Rb8 19. Bd2 Ng8 20. Rfc1 f5 21. b5 cxb5 22. cxb5 Ngf6 23. Ne1 d5 24. b6 Rc8 25. Qb2 e4 26. Rxc8 Qxc8 27. Rc1 Qd8 28. d4 Nb8 29. Nc5 Qe7 30. Bb4 Nc6 31. Nxa6 Nxb4 32. Nxb4 Bf8 33. Rc7 Bd7 34. Nec2 Kg8 35. Rxb7 Qd6 36. e3 Rc8 37. Bf1 Bc6 38. Ra7 Ra8 39. Nxc6 Qxc6 40. Bb5 1-0

[Event "Barcelona La Lira op 32nd"]
[Site "Barcelona"]
[Date "2014.01.23"]
[Round "2"]
[White "Duz Aso, Carlos"]
[Black "Ferres Saez, Joan"]
[Result "1-0"]
[WhiteElo "2119"]
[BlackElo "1783"]
[PlyCount "107"]
[EventDate "2014.01.16"]
[EventType "swiss"]
[EventRounds "9"]
[EventCountry "ESP"]
[SourceTitle "EXT 2015"]
[Source "ChessBase"]
[SourceDate "2014.11.20"]
[SourceVersion "1"]
[SourceVersionDate "2014.11.20"]
[SourceQuality "1"]

1. c4 c5 2. Nc3 Nc6 3. g3 g6 4. Bg2 Bg7 5. d3 Nf6 6. Bg5 0-0 7. Qc1 Re8 8. Nf3 d5 9. Bxf6 Bxf6 10. Nxd5 Bg7 11. 0-0 b5 12. cxb5 Nb4 13. Nc3 Bb7 14. a3 Nd5 15. Rb1 Rc8 16. Rd1 e6 17. e4 Nb6 18. Qc2 e5 19. Bh3 Rc7 20. b3 Nd7 21. Nd2 Nf8 22. Nc4 Ne6 23. Bxe6 Rxe6 24. Ne3 h5 25. Ned5 Rd7 26. a4 h4 27. Qd2 g5 28. g4 h3 29. Qe3 Rh6 30. Kh1 Rh4 31. f3 Bf8 32. Qe2 Rh6 33. Rg1 Qa5 34. Qe3 Qd8 35. Rbd1 f6 36. Qf2 Kg7 37. Rg3 Kh8 38. Ne3 Qa5 39. Ncd5 Bxd5 40. Nxd5 Qd8 41. Qf1 Rdh7 42. Ne3 Rg6 43. Nf5 Kg8 44. Qe1 Qb6 45. Qc3 Qe6 46. Qc4 Kf7 47. a5 Qxc4 48. dxc4 Ke8 49. Rgg1 Rd7 50. Rxd7 Kxd7 51. Rg3 Bd6 52. Rxh3 Bb8 53. Rh7+ Kc8 54. Ne7+ 1-0